| 000 | 01686nam a2200289Ia 4500 | ||
|---|---|---|---|
| 999 |
_c37733 _d37733 |
||
| 001 | 3708 | ||
| 003 | GE_BSU | ||
| 005 | 20190619212727.0 | ||
| 008 | 181216s2012||||ge |||||||||||||| ||geo|| | ||
| 040 | _cGE_BSU | ||
| 041 | _ageo | ||
| 080 | _a591.9(479.223) ა–95 | ||
| 245 |
_aაჭარის ფაუნის ნუსხა=The Faunal List of Adjara / _cილიას სახელმწ. უნ-ტის ზოოლოგიის ინ-ტი ; [პროექტის შემსრულებლები: ა. ბუხნიკაშვილი, ერ. ყვავაძე, ი. ელიავა [და სხვ.] ; გამოც. რედ. ნ. ბელთაძე |
||
| 264 |
_aთბილისი : _bკონტური, _c2012. |
||
| 300 |
_a259 გვ.; _b 28 სმ. |
||
| 653 | _aაჭარის ფაუნა | ||
| 653 | _aაჭარის ცხოველთა სამყარო | ||
| 700 |
_aბუხნიკაშვილი, ა. _eრედაქტორი _92641 |
||
| 700 |
_aყვავაძე, ერ. _eშემდგენელი _92642 |
||
| 700 |
_aელიავა, ი. _eშემდგენელი _92643 |
||
| 700 |
_aნატრაძე, ი. _eშემდგენელი _92644 |
||
| 700 |
_aკანდაუროვი, ა. _eშემდგენელი _92645 |
||
| 700 |
_aბელთაძე, ნ. _eშემდგ.-რედ. _92646 |
||
| 700 |
_aბეგელაური, ხ. _eშემდგენელი _92647 |
||
| 710 |
_aილიას სახელმწ. უნ-ტი. _bზოოლოგიის ინ-ტი _92648 |
||
| 942 |
_cBK _2udc |
||